000 02056nas a2200277Ia 4500
001 R050-S3095
003 IT-CnALBA
008 170116c99999999xx |||||||||||| ||und||
040 _aIT-CnALBA
_cIT-CnALBA
041 _aITALIANO
100 _aSTEFANI GINO
210 _aRIVISTA DI PASTORALE LITURGICA
222 _aRIVISTA DI PASTORALE LITURGICA
245 0 _aRIVISTA DI PASTORALE LITURGICA. GENNAIO 1982. ORGANO CAL. MUSICA RITUALE NELLE CELEBRAZIONI.
250 _a1a ed.
260 _a BRESCIA
_bQUERINIANA EDIT. LIBR. VESC.
_c1982 [1° Ed.:1982 - Ed.Ling.Originale: 1982]
300 _a78 p.
310 _aBIMESTRALE
362 _aFascicolo: 110 / Anno: 20 (1982)
500 _aRISPOSTE E SUSSIDI. NOTIZIARIO. MUSICA RITUALE, PERCHÈ? PROPOSTE MUSICALI ALLE ASSEMBLEE. COSTA E. JR PRODUZIONE E PRATICA RITUALE IN ITALIA. ROSSI M. G. ANIMAZIONE CON CANTO DI ASSEMBLEA LITURGICA. GENERO G. PRESENTAZIONE CANTO ANIMAZIONE AZIONE. BORETTI G. C. STRUMENTI E OPERATORI MUSICALI A SERVIZIO ASSEMBLEA. CONSIGLI ALLE COMUNITÀ PER CELEBRAZIONE CON CANTO. MOMENTI RITUALI MESSA ED ESPRESSIONI MUSICALI. MUSICA NELLA LITURGIA ORE. BIBLIOGRAFIA RAGIONATA. FORMAZIONE ANIMATORI MUSICALI. "UNIVERSA LAUS". ISTITUTI E SCUOLE DIOCESANE DI MUSICA RITUALE. SETTIMANA APL.
501 _aSocietà San Paolo EM - Piazza San Paolo, 14 - 12051 ALBA (CN) (non commercial uses only) ® Copyright 2017
520 _aRISPOSTE E SUSSIDI. NOTIZIARIO. MUSICA RITUALE, PERCHÈ? PROPOSTE MUSICALI ALLE ASSEMBLEE. COSTA E. JR PRODUZIONE E PRATICA RITUALE IN ITALIA. ROSSI M. G. ANIMAZIONE CON CANTO DI ASSEMBLEA LITURGICA. GENERO G. PRESENTAZIONE CANTO ANIMAZIONE AZIONE. BORETTI G. C. STRUMENTI E OPERATORI MUSICALI A SERVIZIO ASSEMBLEA. CONSIGLI ALLE COMUNITÀ PER CELEBRAZIONE CON CANTO. MOMENTI RITUALI MESSA ED ESPRESSIONI MUSICALI. MUSICA NELLA LITURGIA ORE. BIBLIOGRAFIA RAGIONATA. FORMAZIONE ANIMATORI MUSICALI. "UNIVERSA LAUS". ISTITUTI E SCUOLE DIOCESANE DI MUSICA RITUALE. SETTIMANA APL.
650 _aTEOLOGIA PASTORALE
942 _cCR
957 _71
999 _a64985
_bNO
_g1
_c331681
_d331681